Star Wars Planets - Statistics

General Stats
  • This quiz has been taken 653 times
    448 since last reset
  • The average score is 26 of 96
Answer Stats
Appearances Answer % Correct
OT Tatooine
92%
OT Hoth
87%
Prequels Coruscant
86%
Prequels Naboo
85%
OT Endor
82%
OT Alderaan
78%
Prequels Mustafar
76%
Prequels Geonosis
75%
Prequels Kamino
74%
OT Yavin
73%
Prequels Kashyyyk
67%
OT Dagobah
65%
OT Bespin
64%
Sequels Jakku
61%
Clone Wars Mandalore
57%
Prequels Utapau
54%
Prequels Felucia
50%
Standalone Scarif
48%
Sequels Exegol
47%
Rebels Lothal
46%
Clone Wars Ilum / Starkiller Base
44%
Rebels Dantooine
42%
Rebels Kessel
41%
Clone Wars Ryloth
41%
Clone Wars Dathomir
39%
Standalone Corellia
38%
Sequels Crait
37%
Standalone Jedha
37%
Sequels Ahch-To
36%
Sequels Takodana
34%
Prequels Mygeeto
31%
OT Yavin 4
31%
Clone Wars Christophsis
29%
Clone Wars Mon Cala
29%
Clone Wars Umbara
29%
Prequels Cato Neimoidia
25%
Sequels D'Qar
25%
Prequels Saleucami
25%
Andor Ferrix
24%
Sequels Kijimi
23%
Clone Wars Nal Hutta
23%
Sequels Cantonica
21%
Sequels Ajan Kloss
20%
Sequels Hosnian Prime
20%
Clone Wars Onderon
20%
Prequels Polis Massa
20%
Standalone Eadu
19%
Sequels Pasaana
19%
Clone Wars Rodia
18%
Andor Narkina 5
17%
Clone Wars Florrum
16%
Rebels Malachor
16%
Bad Batch Ord Mantell
16%
Clone Wars Zygerria
16%
Andor Aldhani
15%
Clone Wars Malastare
15%
Clone Wars Mortis
15%
Clone Wars Toydaria
15%
Clone Wars Teth
14%
Sequels Kef Bir
13%
Mandalorian Nevarro
13%
Clone Wars Anaxes
12%
Andor Niamos
12%
Clone Wars Rishi
12%
Standalone Wobani
12%
Rebels Concord Dawn
11%
Clone Wars Iego
11%
Clone Wars Serenno
11%
Clone Wars Abafar
9%
Rebels Atollon
9%
Andor Kenari
9%
Standalone Mimban
9%
Clone Wars Moraband
9%
Clone Wars Skako Minor
9%
Clone Wars Trandosha
9%
Clone Wars Scipio
7%
Clone Wars Aleen
6%
Kenobi Jabiim
6%
Clone Wars Shili
6%
Kenobi Daiyu
5%
Clone Wars Devaron
5%
Clone Wars Lotho Minor
5%
Standalone Savareen
5%
Rebels Agamar
4%
Clone Wars Maridun
4%
Clone Wars Rugosa
4%
Resistance Castilon
3%
Kenobi Mapuzo
3%
Sequels Ossus
3%
Clone Wars Ruusan
3%
Mandalorian Sorgan
3%
Clone Wars Balnab
2%
Bad Batch Barton 4
2%
Prequels Jestefad
2%
Standalone Numidian Prime
2%
Standalone Vandor-1
1%
No matching quizzes found
Score Distribution
Percent of People with Each Score
Percentile by Number Answered
Your Score History
You have not taken this quiz since the last reset